00512cam a22001931 4500001001300000003000400013005001700017008004100034010001700075035002000092040003200112042001200144050001900156100003300175245004100208260003600249300001800285999001500303af 48004566 DLC20260227110909.0890516s1943 gw 000 0 ger c aaf 48004566  a(OCoLC)19715662 aYale Univ. LibrarycCUdDLC apremarc00aPT2631.A83bV41 aPaulsen, Rudolf,d1883-1966.10aVergangenheit und Ahnung;bGedichte. aQuerfurt,bR.K. Jaeckelc[1943] a85 p.c21 cm. c6115d6115